[Event "Koge op"]
[Site "Koge"]
[Date "1997.??.??"]
[Round "4"]
[White "Mortensen, Erling"]
[Black "Holmsgaard, Henrik"]
[Result "1-0"]
[WhiteElo "2455"]
[BlackElo "2300"]

1.e4 c5 2.Nf3 Nc6 3.Bb5 g6 4.O-O Bg7 5.c3 Nf6 6.Re1 O-O 7.e5 Nd5 8.d4 cxd4
9.cxd4 d6 10.Nc3 Nc7 11.exd6 exd6 12.Bg5 f6 13.Be3 Nxb5 14.Nxb5 a6 15.Nc3 d5
16.Qb3 Be6 17.Qxb7 Na5 18.Qb4 Rf7 19.Na4 Rb7 20.Qc3 Bg4 21.Nc5 Re7 22.Nd2 f5
23.f3 Bh5 24.Bf2 Nc6 25.Rxe7 Qxe7 26.Ndb3 Qe2 27.Nd3  1-0

[Event "Koge op"]
[Site "Koge"]
[Date "1997.??.??"]
[Round "8"]
[White "Timman, Jan H"]
[Black "Yakovich, Yuri"]
[Result "1-0"]
[WhiteElo "2625"]
[BlackElo "2610"]

1.e4 c5 2.Nf3 Nc6 3.Bb5 g6 4.Bxc6 bxc6 5.O-O Bg7 6.Re1 Nh6 7.c3 O-O 8.d4 cxd4
9.cxd4 d5 10.e5 f6 11.Nbd2 g5 12.e6 Qd6 13.Qe2 Nf5 14.Nb3 g4 15.Nfd2 a5 16.Nf1 a4
17.Qxg4 Bxe6 18.Bf4 h5 19.Qf3 Qd8 20.Nc5 Nxd4 21.Qe3 Bf7 22.Qxd4 e5 23.Qd2 exf4
24.Qxf4 a3 25.bxa3 Re8 26.Ng3 Rxe1+ 27.Rxe1 Qa5 28.Rc1 Re8 29.Qb4 Qxb4 30.axb4 Bh6
31.Rd1 Bg6 32.h4 Bf4 33.Kf1 Kf7 34.Ne2 Bc2 35.Rd4 Bd6 36.Rd2 Bg6 37.Nd4 Rc8
38.a4 Bf4 39.Rd1 Be5 40.g3 Ke7 41.f4 Bxd4 42.Rxd4 Kd6 43.a5 Bf5 44.Kf2 Rb8
45.a6 Kc7 46.Rd2 Bg4 47.Ra2 Kb6 48.a7 Ra8 49.Ra6+ Kb5 50.Ke3 Bc8 51.Ra2 Kb6
52.g4 Bxg4 53.Ra6+ Kb5 54.Kd4 Bc8 55.Ra5+ Kb6 56.Na4+ Kb7 57.b5 cxb5 58.Rxb5+ Kxa7
59.Ra5+  1-0

[Event "RUS-ch (Women) sf+"]
[Site "Kolontaevo"]
[Date "1997.??.??"]
[Round "?"]
[White "Polovnikova, Ekaterina"]
[Black "Chasovnikova, Eugenia"]
[Result "1-0"]
[WhiteElo "2170"]
[BlackElo "2200"]

1.e4 c5 2.Nf3 Nc6 3.Bb5 g6 4.Bxc6 dxc6 5.h3 Bg7 6.d3 Nf6 7.Nc3 Qc7 8.Be3 b6
9.Qd2 Ba6 10.a4 Nd7 11.O-O Nf8 12.Nh2 Ne6 13.f4 Nd4 14.Nf3 O-O 15.Qf2 Rfd8
16.f5 gxf5 17.Nh4 Qe5 18.Rae1 Nxc2 19.Qxc2 Bxd3 20.Qf2 Bxf1 21.Rxf1 f4 22.Bxf4 Qd4
23.Nf5 Qxf2+ 24.Kxf2 Bd4+ 25.Ke2 Rd7 26.Rf3 e6 27.Rg3+ Kh8 28.Nxd4  1-0

[Event "RUS-ch (Women) sf+"]
[Site "Kolontaevo"]
[Date "1997.??.??"]
[Round "?"]
[White "Polovnikova, Ekaterina"]
[Black "Mashinskaya, Iulia"]
[Result "1-0"]
[WhiteElo "2170"]
[BlackElo "2240"]

1.e4 c5 2.Nf3 Nc6 3.Bb5 g6 4.O-O Bg7 5.c3 e5 6.d4 cxd4 7.cxd4 exd4 8.Bf4 Nge7
9.Bd6 O-O 10.Nbd2 b6 11.Nb3 Bb7 12.Nbxd4 h6 13.Qd2 a6 14.Ba4 Re8 15.Ne2 Nc8
16.Bf4 Rxe4 17.Bc2 Re8 18.Nc3 Na5 19.Bxh6 Nc4 20.Qf4 Ne5 21.Nxe5 Bxe5 22.Qg4 d6
23.h4 Ne7 24.h5 Qc8 25.Qg5 f6 26.Qh4 Nf5 27.Qg4 Ne7 28.Qxc8 Rexc8 29.hxg6 f5
30.Bb3+ Kh8 31.Be6 Rc7 32.Bg5 Nxg6 33.Bxf5 Kg7 34.Rad1 Rh8 35.f4 Bxc3 36.bxc3 d5
37.Rd3 Nh4 38.Bh3 Ng6 39.Re1 Rf8 40.f5 Nh8 41.Be7 Re8 42.Bf6+ Kxf6 43.Rxe8 Nf7
44.Re6+ Kg7 45.f6+ Kf8 46.Rde3 Bc6 47.Re7  1-0

[Event "RUS-ch (Women) sf"]
[Site "Kolontaevo"]
[Date "1997.??.??"]
[Round "?"]
[White "Kulish, Irina"]
[Black "Savitskaya, Ekaterina P"]
[Result "1-0"]
[WhiteElo "2255"]
[BlackElo "2220"]

1.e4 c5 2.Nf3 Nc6 3.Bb5 g6 4.Bxc6 bxc6 5.O-O Bg7 6.Re1 Nh6 7.c3 O-O 8.h3 f6
9.d4 cxd4 10.cxd4 Nf7 11.Nc3 d5 12.Qa4 Bd7 13.Qa3 e6 14.Bd2 Re8 15.Rad1 Qc7
16.b3 Qd6 17.Qxd6 Nxd6 18.e5 Nf7 19.exf6 Bxf6 20.Na4 e5 21.Nc5 Bc8 22.dxe5 Nxe5
23.Nd4 Kf7 24.Be3 Be7 25.Nc2 Nd7 26.Nd3 a5 27.Nb2 Bb7 28.Bf4 Nc5 29.Nd4 Bf6
30.Be3 Nd7 31.Na4 Rec8 32.Rc1 Be7 33.Bf4 Ra6 34.Ne6 c5 35.Ng5+ Bxg5 36.Bxg5 Re6
37.Rxe6 Kxe6 38.Re1+ Kd6 39.Bf4+ Kc6 40.Nc3 Nf8 41.Na4 Ba6 42.Bd2 Ra8 43.Rc1 c4
44.Nb2 Kc5 45.Bxa5 Bb7 46.a3 Kb5 47.Bb4 cxb3 48.Rc5+ Kb6 49.Rc3 Ne6 50.Rxb3 d4
51.Nc4+ Kc7 52.Rb1 Bd5 53.Ne5 Kd8 54.Rc1 Rc8 55.Be7+ Kxe7 56.Rxc8 Nf4 57.f3 d3
58.Nxd3 Nxd3 59.Rc7+ Kf6 60.Rxh7 Nf4 61.Ra7 Ke5 62.a4 Ne6  1-0

[Event "RUS-chJM op"]
[Site "Kolontaevo"]
[Date "1997.??.??"]
[Round "?"]
[White "Yurenko, Konstantin"]
[Black "Lebedev, Vasili"]
[Result "1-0"]
[WhiteElo "2275"]
[BlackElo "2185"]

1.e4 c5 2.Nf3 Nc6 3.Bb5 g6 4.O-O Bg7 5.Re1 e5 6.c3 Nge7 7.d4 cxd4 8.cxd4 exd4
9.Bf4 d6 10.Nxd4 O-O 11.Bxc6 Nxc6 12.Nxc6 bxc6 13.Nc3 d5 14.exd5 Bxc3 15.bxc3 Qxd5
16.Qc1 Be6 17.Re5 Qc4 18.Bh6 Rfd8 19.Bg5 Rd5 20.Bf6 Qc5 21.Qg5 Re8 22.Rae1 Qf8
23.h4 h6 24.Qf4 Kh7 25.c4 Qb4 26.Rxe6  1-0

[Event "Cassovia op"]
[Site "Kosice"]
[Date "1997.??.??"]
[Round "?"]
[White "Miroshnichenko, Evgenij"]
[Black "Cherevatenko, Roman"]
[Result "1-0"]
[WhiteElo "2435"]
[BlackElo "2395"]

1.e4 c5 2.Nf3 Nc6 3.Bb5 g6 4.O-O Bg7 5.Re1 e5 6.b4 cxb4 7.a3 Qa5 8.Bxc6 dxc6
9.Bb2 Bg4 10.h3 Bxf3 11.Qxf3 Ne7 12.Qg3 bxa3 13.Nxa3 Qc5 14.d3 b5 15.c3 O-O
16.Nc2 a5 17.Rac1 Qb6 18.d4 exd4 19.cxd4 b4 20.Qh4 Rfe8 21.Ne3 a4 22.Ng4 a3
23.Ba1 b3 24.Bc3 c5 25.dxc5 Qe6 26.Bxg7 Kxg7 27.Rcd1 Red8 28.Qh6+ Kh8 29.Qe3 f6
30.Qc3 Kg7 31.Rd6 Rxd6 32.cxd6 Nc8 33.Qb4 h5 34.e5 Qd5 35.exf6+ Kh8 36.Qd2  1-0

[Event "Koszalin sim1"]
[Site "Koszalin"]
[Date "1997.??.??"]
[Round "?"]
[White "Karpov, Anatoly"]
[Black "Maliszewski, Jaroslaw"]
[Result "1-0"]
[WhiteElo "2745"]
[BlackElo "2095"]

1.e4 c5 2.Nf3 Nc6 3.Bb5 g6 4.O-O Bg7 5.c3 e5 6.d3 Nge7 7.Be3 Qb6 8.Na3 a6
9.Nc4 Qc7 10.Bxc6 bxc6 11.Bxc5 d5 12.Nd6+ Kf8 13.Ng5 f6 14.Qf3 h6 15.Ngf7 Rh7
16.Nxe5 Kg8 17.Ng4 f5 18.e5 Be6 19.Nf6+ Bxf6 20.exf6 Nc8 21.Rae1 Qd7 22.Nxc8 Rxc8
23.Qg3 g5 24.f4 Kf7 25.Be7 Rg8 26.Re5 Qc7 27.Rfe1 Bd7 28.Bc5 Kxf6 29.Bd4 Kg6
30.fxg5 Qc8 31.gxh6+ Kxh6 32.Qf4+ Rg5 33.h4 Qg8 34.Re7 Bc8 35.hxg5+  1-0

[Event "MK Cafe Cup-B"]
[Site "Koszalin"]
[Date "1997.??.??"]
[Round "9"]
[White "Sawicki, Mikolaj"]
[Black "Dukaczewski, Piotr"]
[Result "0-1"]
[WhiteElo "2065"]
[BlackElo "2180"]

1.e4 c5 2.Nf3 Nc6 3.Bb5 d6 4.O-O Bd7 5.c3 Nf6 6.Re1 a6 7.Bxc6 Bxc6 8.e5 dxe5
9.Nxe5 Qc7 10.d4 cxd4 11.Qxd4 e6 12.Nxc6 Qxc6 13.Nd2 Bc5 14.Qf4 O-O-O 15.b4 Ba7
16.Qf3 Qxf3 17.gxf3 Rd3 18.c4 Rhd8 19.Re2 Bd4 20.Rb1 Bc3 21.Nf1 Rxf3 22.Re3 Rxe3
23.Bxe3 Ng4 24.Bb6 Rd6 25.Bc5 Rd3 26.Ne3 Nxe3 27.Bxe3 Bd4 28.Bxd4 Rxd4 29.Rc1 Rd2
30.a3 Rd3 31.Ra1 Kc7 32.Kf1 h5 33.c5 g6 34.Ra2 Kc6 35.Ke2 Rh3 36.Rd2 Rxa3
37.Rd8 Rb3 38.Rc8+ Kd7 39.Rf8 Rxb4 40.Rxf7+ Kc6 41.Rf6 Kxc5 42.Rxg6 Kd6 43.Rg5 Rb5
44.Rg8 a5 45.Ra8 b6 46.Kd3 Rb4 47.Kc3 Rf4 48.Rb8 Kc7 49.Rh8 Rh4 50.Re8 Rxh2
51.Rxe6 Rxf2 52.Rh6 Rf5 53.Kc4 Kb7 54.Kb3 Ka6 55.Ka3 Kb5 56.Kb3 Rf3+ 57.Kb2 Rh3
58.Rf6 a4 59.Rf5+ Ka6 60.Re5 b5 61.Rf5 h4 62.Rf8 Ka5 63.Rf4 a3+ 64.Ka2 b4
65.Rf2 Ka4 66.Re2 b3+  0-1

[Event "RUS-ch sf"]
[Site "Krasnodar"]
[Date "1997.??.??"]
[Round "?"]
[White "Karagodin, Vladimir A"]
[Black "Poluljahov, Aleksandr"]
[Result "0-1"]
[WhiteElo "2355"]
[BlackElo "2510"]

1.e4 c5 2.Nf3 Nc6 3.Bb5 g6 4.O-O Bg7 5.Re1 Nf6 6.e5 Nd5 7.Nc3 Nc7 8.Bxc6 dxc6
9.Ne4 b6 10.d3 O-O 11.a4 Bg4 12.h3 Bxf3 13.Qxf3 Ne6 14.Nc3 Qd7 15.Qg4 Rad8
16.Bd2 Qc7 17.f4 c4 18.Re3 cxd3 19.cxd3 Nd4 20.Qd1 f6 21.exf6 exf6 22.Ne2 Nxe2+
23.Qxe2 Qxf4 24.Bc3 Rd7 25.Re4 Qg3 26.Rd1 f5 27.Re7 Qd6 28.Rxd7 Qxd7 29.Bxg7 Kxg7
30.Qe5+ Kf7 31.Qf4 Re8 32.a5 Kg7 33.axb6 axb6 34.Qb4 b5 35.Qc3+ Kg8 36.Rc1 Re3
37.Qxc6 Qxc6 38.Rxc6 Rxd3 39.Rc2 Kf7 40.Kf2 Rb3 41.Kg1 Kf6 42.Kh2 f4 43.Kg1 Kg5
44.Kf2 Kh4 45.Rd2 h5 46.Rc2 g5 47.Re2 Rd3 48.b4 Rd4 49.Rb2 g4 50.hxg4 hxg4
51.Rb3 Rd2+ 52.Kf1 f3 53.gxf3 g3 54.Kg1 Kh3 55.Rb1 Rg2+ 56.Kh1 Rh2+ 57.Kg1 g2
58.Kf2 Rh1 59.Rg1 Rxg1 60.Kxg1 Kg3 61.f4 Kxf4 62.Kxg2 Ke3 63.Kf1 Kd2 64.Kf2 Kc3
65.Ke2 Kxb4  0-1

[Event "Krasnodar"]
[Site "Krasnodar"]
[Date "1997.??.??"]
[Round "4"]
[White "Brodsky, Michail"]
[Black "Popov, Roman"]
[Result "1/2-1/2"]
[WhiteElo "2515"]
[BlackElo "2365"]

1.e4 c5 2.Nf3 Nc6 3.Bb5 g6 4.Bxc6 dxc6 5.d3 Bg7 6.O-O e5 7.Be3 b6 8.h3 Ne7
9.Nc3 h6 10.a3 O-O 11.Qd2 Kh7 12.Nh2 f5 13.exf5 Bxf5 14.Ng4 g5 15.Rad1 Nd5
16.Ne4 Qd7 17.f3 Rad8 18.Rfe1 Nf4 19.b4 cxb4 20.axb4 Bxe4 21.dxe4 Qe7 22.Qf2 Qxb4
23.h4 h5 24.Nh2 gxh4 25.Rxd8 Rxd8 26.Bxf4 exf4 27.Qxh4 Kg6 28.Qxd8 Qxe1+
29.Nf1 Qc3 30.Qc8 Qc5+ 31.Kh2 Kh7 32.e5 Qxe5 33.Qxc6  1/2-1/2

[Event "RUS-Cup6"]
[Site "Krasnodar"]
[Date "1997.??.??"]
[Round "4"]
[White "Alavkin, Arseny"]
[Black "Shariyazdanov, Andrey"]
[Result "0-1"]
[WhiteElo "2375"]
[BlackElo "2525"]

1.e4 c5 2.Nf3 Nc6 3.Bb5 e6 4.O-O Nge7 5.b3 a6 6.Bxc6 Nxc6 7.Bb2 b5 8.a4 b4
9.d4 cxd4 10.Nxd4 Qf6 11.Ra2 Nxd4 12.Bxd4 Qg6 13.f3 Bb7 14.c4 Be7 15.Be5 Qg5
16.f4 Bc5+ 17.Bd4 Qe7 18.Re2 O-O 19.Kh1 Rad8 20.f5 f6 21.Bxc5 Qxc5 22.Qd3 d5
23.Rd1 Rde8 24.fxe6 dxe4 25.Qd7 Re7 26.Qd6 Qxd6 27.Rxd6 Rfe8 28.Rb6 Ba8 29.Rxb4 Rxe6
30.Nc3 f5 31.Nd5 Rd6 32.Rb6 Red8 33.Rxd6 Rxd6 34.g4 g6 35.gxf5 gxf5 36.Kg2 Bxd5
37.cxd5 Kf7 38.Kg3 Rg6+ 39.Kf4 Kf6 40.h3 Rg1 41.Rd2 Rf1+ 42.Ke3 Rf3+ 43.Kd4 Rxb3
44.h4 Rb4+ 45.Kc5 e3  0-1

[Event "Krasnodar"]
[Site "Krasnodar"]
[Date "1997.??.??"]
[Round "6"]
[White "Popov, Roman"]
[Black "Beshukov, Sergei"]
[Result "1/2-1/2"]
[WhiteElo "2365"]
[BlackElo "2435"]

1.e4 c5 2.Nf3 Nc6 3.Bb5 g6 4.O-O Bg7 5.Re1 Nf6 6.Nc3 O-O 7.Bxc6 dxc6 8.d3 b6
9.h3 Ne8 10.Be3 e5 11.Qd2 Nc7 12.Bh6 f6 13.Bxg7 Kxg7 14.a3 Qe7 15.Ne2 Rd8
16.Qe3 Ne6 17.Nd2 Nd4 18.Rac1 Ba6 19.f4 Nxe2+ 20.Rxe2 exf4 21.Qxf4 Qd6 22.Qf2 Qd4
23.b3 Rf8 24.Nf3 Qxf2+ 25.Rxf2 Rae8 26.Nd2 Rd8 27.Ra1 Rd7 28.Rff1 Rfd8 29.Kf2 Re7
30.Rfe1 Rdd7 31.a4 Rd8 32.Re3 Bc8 33.a5 b5 34.Ke2 Rde8 35.Re1 Bd7 36.c3 Bc8
37.b4 c4 38.Kf3 cxd3 39.Rxd3 f5 40.Rd6 fxe4+ 41.Rxe4 Be6 42.Kf2 Bd5 43.Rxe7+ Rxe7
44.Nf3 Kf8 45.Rd8+ Re8 46.Rd7  1/2-1/2

[Event "Krasnodar"]
[Site "Krasnodar"]
[Date "1997.??.??"]
[Round "7"]
[White "Tseshkovsky, Vitaly"]
[Black "Popov, Roman"]
[Result "1-0"]
[WhiteElo "2510"]
[BlackElo "2365"]

1.e4 c5 2.Nf3 Nc6 3.Bb5 e6 4.Bxc6 bxc6 5.d3 Ne7 6.Nc3 f6 7.e5 Ng6 8.h4 h5
9.Qe2 Qc7 10.exf6 gxf6 11.Ne4 Be7 12.Be3 Nf4 13.Bxf4 Qxf4 14.g3 Qh6 15.c4 d6
16.d4 cxd4 17.Nxd4 Bd7 18.Rd1 Kf7 19.Nxd6+ Bxd6 20.Nc2 e5 21.Rxd6 Bg4 22.Qd2 Qxd2+
23.Kxd2 Rad8 24.Rxd8 Rxd8+ 25.Kc3 c5 26.Ne3 Bf3 27.Re1 Ke6 28.Nf1 Bc6 29.Nd2 Kf5
30.Nb3 Kg4 31.Nxc5 Kf3 32.Nd3 e4 33.Re3+ Kg2 34.Nb4 Bb7 35.Nd5 f5 36.Re2 Bxd5
37.Rd2 f4 38.gxf4 Rc8 39.Rxd5 Kxf2 40.Rd2+ Kf3 41.Rh2 e3 42.Rh3+ Kf2 43.Rh2+ Kg3
44.Rh1 Kg2 45.Rc1 e2 46.b4 Kf2 47.c5 Rf8 48.c6 e1=Q+ 49.Rxe1 Kxe1 50.b5 Rxf4
51.a4 Rf3+ 52.Kd4 Kd2 53.a5 Rf4+ 54.Kd5  1-0

[Event "EUCup Gr7"]
[Site "Krynica"]
[Date "1997.??.??"]
[Round "1"]
[White "Pedzich, Dominik"]
[Black "Kogan, Artur"]
[Result "1-0"]
[WhiteElo "2465"]
[BlackElo "2500"]

1.e4 c5 2.Nf3 Nc6 3.Bb5 e6 4.O-O Nge7 5.Re1 a6 6.Bxc6 Nxc6 7.d4 cxd4 8.Nxd4 Qc7
9.Nxc6 bxc6 10.e5 Bb7 11.Nd2 d6 12.exd6 Bxd6 13.Qh5 O-O 14.Nc4 c5 15.Bd2 Rad8
16.Bc3 Bf4 17.Qg4 f5 18.Qh4 Rd7 19.f3 h6 20.Re2 Bc6 21.a4 Qb8 22.Rae1 Bxa4
23.Rxe6 Bg5 24.Qf2 Bb5 25.Nb6 Rd6 26.Qxc5 Rxe6 27.Rxe6 Qf4 28.Nd5 Qc1+ 29.Re1 Qxc2
30.Qd4 Rf7 31.h4 Bf6 32.Nxf6+ gxf6 33.Qd8+ Kg7 34.Re7 Qc1+ 35.Kh2 Qf4+ 36.Kh3  1-0

[Event "RUS-Cup7"]
[Site "Kstovo"]
[Date "1997.??.??"]
[Round "8"]
[White "Bitman, Alexander R"]
[Black "Labutin, Sergey"]
[Result "0-1"]
[WhiteElo "2250"]
[BlackElo "2360"]

1.e4 c5 2.Nf3 Nc6 3.Bb5 Na5 4.O-O a6 5.Be2 e6 6.Re1 b5 7.Bf1 Bb7 8.a4 b4
9.c3 Nf6 10.e5 Nd5 11.d4 cxd4 12.cxd4 Be7 13.Nbd2 O-O 14.Ne4 Kh8 15.Nc5 Bxc5
16.dxc5 f5 17.Bd2 h6 18.Rc1 Qe7 19.g3 Rac8 20.Nh4 Kh7 21.Bd3 g6 22.Bb1 Rg8
23.Nf3 Rxc5 24.Rxc5 Qxc5 25.h4 Nc6 26.h5 gxh5 27.Ng5+ Kg6 28.Nh3 Qd4 29.Kh2 Nxe5
30.f3 Qxd2+  0-1

[Event "La Pobla de Lillet op"]
[Site "La Pobla de Lillet"]
[Date "1997.??.??"]
[Round "3"]
[White "Oms Pallise, Josep"]
[Black "Piera, Javier"]
[Result "1/2-1/2"]
[WhiteElo "2450"]
[BlackElo "2175"]

1.e4 c5 2.Nf3 Nc6 3.Bb5 g6 4.O-O Bg7 5.Bxc6 dxc6 6.d3 e5 7.h3 Ne7 8.Nc3 O-O
9.Be3 b6 10.Qd2 f6 11.Bh6 Be6 12.Ne2 Qd7 13.Bxg7 Kxg7 14.Qc3 Rad8 15.a3 g5
16.Nxe5 fxe5 17.Qxe5+ Kh6 18.h4 gxh4 19.Qh2 Ng6 20.Rae1 Bg4 21.f3 Bh5 22.Kf2 Qd6
23.Qxd6 Rxd6 24.Ke3 Rdf6 25.Rh1 Nf4 26.Nxf4 Rxf4 27.c3 Bxf3 28.gxf3 Rxf3+
29.Kd2 h3 30.Re3 Rf2+ 31.Re2 R2f3 32.Re3 Rf2+ 33.Ke1 Rxb2 34.Rexh3+ Kg7 35.Rxh7+ Kg6
36.R7h2 Rxh2 37.Rxh2 Rf3 38.Rg2+ Kf6 39.Rf2 Rxf2 40.Kxf2 a5 41.Ke3 Ke5 42.d4+ cxd4+
43.cxd4+ Kd6 44.Kd3 b5 45.a4 b4  1/2-1/2

[Event "La Pobla de Lillet op"]
[Site "La Pobla de Lillet"]
[Date "1997.??.??"]
[Round "6"]
[White "Ayas, Antonio"]
[Black "Serra Pages, Jordi"]
[Result "1-0"]
[WhiteElo "2310"]
[BlackElo "2095"]

1.e4 c5 2.Nf3 Nc6 3.Bb5 g6 4.O-O Bg7 5.c3 d6 6.d4 cxd4 7.cxd4 Bd7 8.Nc3 Nh6
9.Bf4 O-O 10.Qd2 Ng4 11.h3 Nf6 12.e5 Nh5 13.Bh2 dxe5 14.dxe5 Bxe5 15.Nxe5 Nxe5
16.Be2 f6 17.Bxh5 gxh5 18.Bxe5 fxe5 19.Rad1  1-0

[Event "Lazne Bohdanec-B"]
[Site "Lazne Bohdanec"]
[Date "1997.??.??"]
[Round "?"]
[White "Karnik, Pavel"]
[Black "Hlavnicka, Jiri"]
[Result "1-0"]
[WhiteElo "2275"]
[BlackElo "2230"]

1.e4 c5 2.Nf3 Nc6 3.Bb5 g6 4.O-O Bg7 5.c3 Nf6 6.Re1 O-O 7.d4 cxd4 8.cxd4 d5
9.e5 Ne4 10.Nc3 Nxc3 11.bxc3 Na5 12.h3 a6 13.Bf1 Qc7 14.a4 Nc4 15.Nd2 Be6
16.Nxc4 dxc4 17.Bf4 Rfd8 18.Qf3 Qd7 19.a5 Qc7 20.Ra4 Rac8 21.Rb1 Rd7 22.Rb6 Bd5
23.Qe3 Qd8 24.e6 fxe6 25.Be2 Kf7 26.Rab4 e5 27.Bxe5 Bxe5 28.Qxe5 Rd6 29.Bg4 Rc7
30.h4 Rf6 31.h5 e6 32.Rd6 Qe7 33.h6 Rd7 34.Rxd7 Qxd7 35.Qb8 Ke7 36.Qe5 Qd6
37.Qxd6+ Kxd6 38.Be2 g5 39.Bxc4 Bxc4 40.Rxc4 Kd7 41.Rb4 Kc7 42.Rc4+ Kd7 43.Rc5 g4
44.Rg5 Rxh6 45.Rxg4 b6 46.axb6 Kc6 47.Kf1 Kxb6 48.Rg5 a5 49.Ke2 a4 50.Kd3 Rh1
51.Re5 a3 52.Rxe6+ Kb5 53.c4+ Ka5 54.Re8 Ra1 55.Kc3 Ra2 56.g3 Kb6 57.Ra8 Ra1
58.Kb3 Rb1+ 59.Ka2 Rd1 60.Rxa3  1-0

[Event "Leeuwarden op"]
[Site "Leeuwarden"]
[Date "1997.??.??"]
[Round "9"]
[White "Etmans, Maarten D"]
[Black "Baljon, Christofoor"]
[Result "1-0"]
[WhiteElo "2175"]
[BlackElo "2310"]

1.e4 c5 2.Nf3 Nc6 3.Bb5 d6 4.Bxc6+ bxc6 5.O-O e5 6.c3 Ba6 7.Re1 c4 8.Na3 Qa5
9.b4 cxb3 10.axb3 Qc7 11.d4 Nf6 12.Nc4 Bxc4 13.bxc4 Be7 14.Ra6 O-O 15.Qa4 Rfc8
16.Bg5 d5 17.Bxf6 Bxf6 18.cxd5 cxd5 19.dxe5 Bd8  1-0

[Event "Linares Mex"]
[Site "Linares"]
[Date "1997.??.??"]
[Round "3"]
[White "Juarez Flores, Gustavo E"]
[Black "Calderin, Roberto"]
[Result "0-1"]
[WhiteElo "2275"]
[BlackElo "2435"]

1.e4 c5 2.Nf3 Nc6 3.Bb5 e6 4.c3 a6 5.Ba4 d5 6.d3 b5 7.Bc2 dxe4 8.dxe4 Qxd1+
9.Bxd1 Nf6 10.Bc2 Bb7 11.O-O Be7 12.Re1 O-O 13.Nbd2 Rfd8 14.Nf1 h6 15.h3 Nd7
16.Bf4 e5 17.Bg3 f6 18.Nh4 c4 19.b4 cxb3 20.Bxb3+ Kh7 21.Ne3 Ba3 22.Nd5 Na5
23.Bc2 Bc5 24.Nc7 Rac8 25.Ne6 Re8 26.Nxc5 Rxc5 27.Rad1 Nf8 28.Nf5 Rxc3 29.Bb1 Nc4
30.f3 Na3 31.Nd6 Re7 32.Nxb7 Rxb7 33.Rd6 Nxb1 34.Rxb1 a5 35.Be1 Ra3 36.Rb2 Rc7
37.Rxb5 Rc1 38.Kf2 Rxa2+ 39.Bd2 Rcc2 40.Ke3 Ne6 41.Rxe6 Rxd2 42.g4 Rh2 43.Rb3 a4
44.Rc3 Rad2 45.f4 Rd7  0-1

[Event "Anibal op 4th"]
[Site "Linares"]
[Date "1997.??.??"]
[Round "3"]
[White "Fierro Baquero, Martha Lorena"]
[Black "Pavlovic, Milos"]
[Result "1/2-1/2"]
[WhiteElo "2205"]
[BlackElo "2505"]

1.e4 c5 2.Nf3 Nc6 3.Bb5 g6 4.c3 Nf6 5.e5 Nd5 6.O-O Bg7 7.d4 cxd4 8.cxd4 O-O
9.Nc3 a6 10.Nxd5 axb5 11.Bf4 h6 12.h3 d6 13.exd6 exd6 14.Nc3 g5 15.Bg3 b4
16.Nb5 Qb6 17.Qd3 Ra5 18.Nxd6 Be6 19.Rfe1 Nxd4 20.Nxd4 Qxd4 21.Qxd4 Bxd4
22.Nxb7 Ra7 23.Rad1 Bxb2 24.Nd8 Bxa2 25.Nc6 Ra4 26.Bd6 Bc3 27.Bxf8 Bxe1 28.Bxb4 Bxb4
29.Rd4 Bc4 30.Rxc4 Ra1+ 31.Kh2 Bd6+ 32.g3  1/2-1/2

[Event "Anibal op 4th"]
[Site "Linares"]
[Date "1997.??.??"]
[Round "3"]
[White "Krakops, Maris"]
[Black "Daloz, Jean Michel"]
[Result "1-0"]
[WhiteElo "2440"]
[BlackElo "2180"]

1.e4 c5 2.Nf3 Nc6 3.Bb5 g6 4.Bxc6 dxc6 5.d3 Bg7 6.h3 Nf6 7.Nc3 O-O 8.Be3 b6
9.Qd2 Qd7 10.O-O-O Rd8 11.g4 Ne8 12.Bh6 Bh8 13.Kb1 Nc7 14.Ne2 a5 15.Qf4 Ne6
16.Qh2 a4 17.h4 a3 18.b3 c4 19.Ne5 Bxe5 20.Qxe5 cxb3 21.axb3 Ra5 22.Qc3 c5
23.h5 Nd4 24.hxg6 fxg6 25.f3 e6 26.Nxd4 cxd4 27.Qd2 Rc5 28.Qh2 b5 29.f4 Bb7
30.f5 Qf7 31.Bg5 Rd7 32.Rdf1 Rdc7 33.fxg6 Qxg6 34.Qd6 Rc8 35.Bh6 a2+ 36.Ka1 Qe8
37.Rf8+ Qxf8 38.Bxf8 Rxf8  1-0

[Event "Anibal op 4th"]
[Site "Linares"]
[Date "1997.??.??"]
[Round "7"]
[White "Villavicencio, Adalberto"]
[Black "Pavlovic, Milos"]
[Result "1-0"]
[WhiteElo "2275"]
[BlackElo "2505"]

1.e4 c5 2.Nf3 Nc6 3.Bb5 g6 4.O-O Bg7 5.Re1 a6 6.Bxc6 bxc6 7.c3 Nh6 8.d4 cxd4
9.cxd4 O-O 10.Nc3 d6 11.h3 f6 12.Be3 Nf7 13.Qd2 Bd7 14.Rac1 Rb8 15.b3 a5
16.Qe2 g5 17.Nd2 e6 18.f4 f5 19.fxg5 Nxg5 20.Bxg5 Qxg5 21.e5 c5 22.Nf3 Qe7
23.dxc5 dxc5 24.Na4 Rfc8 25.Nb2 Bh6 26.Rcd1 Kh8 27.Nc4 a4 28.Nd6 Rg8 29.bxa4 Bxa4
30.Rb1 Bc6 31.Qf2 Ra8 32.Re2 Rg7 33.Reb2 Qa7 34.Kh1 Rag8 35.Qh4 c4 36.Qxh6 Be4
37.Qf6 c3 38.Rb7 Qxb7 39.Rxb7  1-0

[Event "Anibal op 4th"]
[Site "Linares"]
[Date "1997.??.??"]
[Round "8"]
[White "Shaked, Tal"]
[Black "Georgiev, Vladimir"]
[Result "1-0"]
[WhiteElo "2445"]
[BlackElo "2515"]

1.e4 c5 2.Nf3 Nc6 3.Bb5 g6 4.O-O Bg7 5.Re1 Nf6 6.c3 O-O 7.e5 Nd5 8.d4 cxd4
9.cxd4 Nc7 10.Ba4 d5 11.Bxc6 bxc6 12.Qc2 Bg4 13.Nbd2 Ne6 14.Qxc6 Rc8 15.Qa6 Qd7
16.Qa3 Bh6 17.Nf1 Bxc1 18.Raxc1 Bxf3 19.Qxf3 Nxd4 20.Qd3 Ne6 21.g3 Qb7 22.b3 d4
23.f4 Qb6 24.Rc4 Rxc4 25.Qxc4 Rd8 26.Rd1 d3+ 27.Kg2 Qb7+ 28.Kf2 Rd4 29.Qc3 Qe4
30.Qe1 Qc6 31.Qe3 Qc2+ 32.Rd2 Qc3 33.Kg1 Nc5 34.Rd1 Re4 35.Rc1 Rxe3 36.Rxc3 Re1
37.Kf2 Re2+ 38.Kf3 Rc2 39.Rc4 Ne6 40.Ke3 Rxa2 41.Nd2 Ra1 42.Kxd3 f5 43.exf6 exf6
44.b4 Kf7 45.Rc8 h5 46.Rb8 Ra3+ 47.Kc4 f5 48.Nb3 h4 49.Rh8 hxg3 50.hxg3 Ra2
51.Nd4 Nf8 52.Rh1 Ra3 53.Nb3 Kf6 54.Rd1 Ra2 55.Rd6+ Ke7 56.Rd3 Kf6 57.Rd6+ Ke7
58.Rd3 Kf6 59.Nc5 g5 60.Rd6+ Ke7 61.Rd5 gxf4 62.gxf4 Kf6 63.Kb5 Rf2 64.Rd4 Ng6
65.Rd6+ Kf7 66.Nd3 Rf1 67.Rd4 Ne7 68.Rd7 Ra1 69.Rd6 Ng6 70.Ra6 Rxa6 71.Kxa6 Ke6
72.Kxa7 Kd5 73.b5 Ne7 74.b6 Ke4 75.b7 Kxd3 76.Kb6 Nd5+ 77.Kc6 Nxf4 78.b8=Q Ne2
79.Kd5 f4 80.Qb6 f3 81.Qf2  1-0

[Event "Anibal op 4th"]
[Site "Linares"]
[Date "1997.??.??"]
[Round "9"]
[White "Krakops, Maris"]
[Black "Kharlov, Andrei"]
[Result "1-0"]
[WhiteElo "2440"]
[BlackElo "2555"]

1.e4 c5 2.Nf3 Nc6 3.Bb5 d6 4.d4 cxd4 5.Qxd4 e5 6.Qd3 Be7 7.Nc3 h6 8.O-O Nf6
9.Nd5 O-O 10.Nxf6+ Bxf6 11.b3 Nd4 12.Nxd4 exd4 13.Bb2 d5 14.e5 Bxe5 15.Bxd4 Bxd4
16.Qxd4 Bf5 17.c3 a6 18.Be2 Re8 19.Rfe1 Re4 20.Qd2 Qg5 21.Qxg5 hxg5 22.Bf3 Rxe1+
23.Rxe1 Be6 24.Re3 Rc8 25.Kf1 g6 26.h3 Kg7 27.Ke2 a5 28.Kd3 b5 29.a3 d4 30.cxd4 Bxb3
31.Re7 Bc4+ 32.Ke3 Rb8 33.d5 Kf6 34.Ra7 b4 35.axb4 axb4 36.Kd4 b3 37.Kxc4 b2
38.Be4 b1=Q 39.Bxb1 Rxb1 40.Kc5 Rb2 41.Ra3 Rc2+ 42.Kd6 Kg7 43.Rf3 f5 44.Ke7 Re2+
45.Kd7 g4 46.hxg4 fxg4 47.Rf4 g3 48.fxg3 Rxg2 49.Rf3 g5 50.d6 g4 51.Re3 Rf2
52.Re5  1-0

[Event "Linz"]
[Site "Linz"]
[Date "1997.??.??"]
[Round "9"]
[White "Wach, Markus"]
[Black "Glek, Igor V"]
[Result "0-1"]
[WhiteElo "2415"]
[BlackElo "2620"]

1.e4 c5 2.Nf3 Nc6 3.Bb5 e6 4.Bxc6 bxc6 5.O-O Ne7 6.b3 Ng6 7.Bb2 f6 8.e5 Be7
9.d3 Qc7 10.Re1 O-O 11.Nbd2 fxe5 12.Nxe5 Nh8 13.Qh5 d6 14.Nec4 Ng6 15.Re3 Rf5
16.Qd1 d5 17.Na3 Bd6 18.Nf1 e5 19.c4 Qf7 20.Qe1 Bd7 21.Ng3 Rf4 22.Rc1 Rf8
23.Rc2 e4 24.dxe4 d4 25.Rd3 Ne5 26.Rdd2 Qg6 27.Bc1 h5 28.Rd1 h4 29.Bxf4 Rxf4
30.Qa5 hxg3 31.hxg3 Rf8 32.Re1 Ng4 33.Qxa7 Qh5 34.Qxd7 Qh2+ 35.Kf1 d3  0-1

[Event "Masters"]
[Site "Lisbon"]
[Date "1997.??.??"]
[Round "4"]
[White "Damaso, Rui"]
[Black "Cordovil, Joao"]
[Result "1/2-1/2"]
[WhiteElo "2465"]
[BlackElo "2265"]

1.e4 c5 2.Nf3 Nc6 3.Bb5 e5 4.O-O d6 5.c3 Bd7 6.d4 Be7 7.dxc5 dxc5 8.Qe2 Qc7
9.Rd1 Nf6 10.Bg5 a6 11.Bxc6 Bxc6 12.Bxf6 Bxf6 13.c4 O-O 14.Nc3 Rfe8 15.a4 Bd8
16.Nd5 Qc8 17.a5 Qg4 18.Nd4 Bd7 19.f3 Qh5 20.Nb3 Rc8 21.Nb6 Bxb6 22.Rxd7 Bd8
23.Rad1 b6 24.axb6 Bxb6 25.R1d6 Rb8 26.Nc1 a5 27.Qd1 Qg5 28.Ne2 Bd8 29.Nc3 Rxb2
30.Rd2 Rxd2 31.Qxd2 Qxd2 32.Rxd2 Bg5 33.Ra2 Be3+ 34.Kf1 Bd4 35.Nb5 Ra8  1/2-1/2

[Event "Lilie op"]
[Site "Litomysl"]
[Date "1997.??.??"]
[Round "2"]
[White "Vyskocil, Neklan"]
[Black "Capek, Ivan"]
[Result "1-0"]
[WhiteElo "2260"]
[BlackElo "2105"]

1.e4 c5 2.Nf3 Nc6 3.Bb5 e6 4.Bxc6 bxc6 5.d3 d6 6.e5 dxe5 7.Nxe5 Nf6 8.O-O Qc7
9.Re1 Bd6 10.Qe2 O-O 11.Nd2 Ba6 12.b3 Nd5 13.Ndf3 Rae8 14.g3 f6 15.Nc4 Bxc4
16.dxc4 Nb6 17.Be3 e5 18.Rad1 Re6 19.Nd2 f5 20.b4 Nd7 21.Nb3 f4 22.Bxf4 Ref6
23.bxc5 exf4 24.cxd6 Qb6 25.c5 Qb4 26.Rd4 Qa3 27.Qc4+ Kh8 28.Rxf4 Rxf4 29.gxf4 Qb2
30.Qe6 Nf6 31.Qe7 Rg8 32.d7 Nxd7 33.Qxd7 Qxc2 34.Qxc6 Qxa2 35.Nd4 Qd2 36.Qe4 a5
37.c6 a4 38.c7 h6 39.Nf3 Qc3 40.Ne5 g6 41.Nf7+  1-0